00000000nam##2200000za#4500
0019.623735
003CaOODSP
00520200327175041
007ta
008150406|1995||||xxc|||||     f|0| 0 fre|d
020 |a0-662-80854-1
040 |aCaOODSP|bfre
043 |an-cn---
0861 |aLU2-153/204-1995F
1101 |aCanada.|bDéveloppement des ressources humaines Canada. |bAssurance-chômage.
24513|aLa durée d'emploi et l'assurance-chômage : |bemplois saisonniers et non saisonniers / |cpar David A. Green et Timothy C. Sargent.
260 |aOttawa - Ontario : |bDéveloppement des ressources humaines Canada. |c1995.
300 |a61p. : |bgraphiques, tableaux ; |c30 cm.
4901 |aSérie d'évaluations de l'assurance-chômage
500 |a«Dans ce document, on se demande si le régime d'assurance-chômage peut avoir d'importantes incidences néfastes sur la durée des emplois saisonniers et non saisonniers.»--Résumé.
504 |aBibliographie.
5203 |aDans ce document, on se demande si le régime d'assurance-chômage peut avoir d'importantes incidences néfastes sur la durée des emplois saisonniers et non saisonniers.--Résumé
563 |aCouverture souple
590 |a96-06|b1996-02-09
69107|aAssurance-emploi|2gcpds
7201 |aGreen, David A.
7201 |aSargent, Timothy C.
7760#|tLa durée d'emploi et l'assurance-chômage : |w(CaOODSP)9.606557
830#0|aSérie d'évaluations de l'assurance-chômage.|w(CaOODSP)9.513113
986 |aIN-AH-204F-05-95